| 000 | 00925nam a2200229Ia 4500 | ||
|---|---|---|---|
| 999 |
_c36079 _d36079 |
||
| 001 | 1979 | ||
| 003 | GE_BSU | ||
| 005 | 20190423173404.0 | ||
| 008 | 181216s2007||||ru |||||||||||||| ||rus|| | ||
| 020 | _a5482007790 | ||
| 040 | _cGE_BSU | ||
| 041 | _arus | ||
| 080 | _a341.1(075.8) Б-42 | ||
| 100 |
_aБекяшев, Камиль Абдулович _9437 |
||
| 245 |
_aМеждународное публичное право в вопросах и ответах. : _bУчебное пособие. / _cОтв. ред. К.А. Бекяшев; Московская гос. юридическая Академия. |
||
| 264 |
_aМосква : _bПроспект, _c2007 |
||
| 300 |
_a223 с.; _b19 см. |
||
| 653 | _aსამართალი | ||
| 653 | _aსაერთაშორისო სამართალი | ||
| 700 |
_aМоисеев, Евгений Григорьевич _9438 |
||
| 942 |
_cBK _2udc |
||